LEADER 01058nam a2200253 i 4500 001 000000131126 003 CaOOAMICUS 005 20240709165045.0 008 041110s1932 it u000 u ita u 013 $a103983 040 $aSeMil$bita 100 1 $aRoth, Joseph,$d<1894-1939>.$0(OLS)http://semarc/name/1229 245 10$aGiobbe :$bstoria di un uomo semplice /$cJoseph Roth ; traduzione e prefazione di Giovanni Necco. 260 $aMilano :$bTreves,$c1932. 300 $aXVII, 226 p., [1] p. di ritratto ;$c20 cm. 490 0 $aScrittori stranieri moderni ;$v16 700 1 $aNecco, Giovanni.$0(OLS)http://semarc/name/54208 830 0$aScrittori stranieri moderni ;$v16.$0(OLS)http://semarc/title/16512 850 $aSeMil 852 $aSeMil$W1$xVenegono$y1$m478 6 16 *$j85117$B85117$CSeMilBibl$Z2$F88752 $81 961 $aRecupero: Biblioteca Seminario Saronno 996 $6245$aGiobbe :$bstoria di un uomo semplice$9(OLS)http://semarc/title/193005 996 $6260$aMilano :$bTreves$9(OLS)http://semarc/publisher/30435 LEADER 01013nam a2200241 i 4500 001 000000068628 003 CaOOAMICUS 005 20100730000000.0 008 100730s1966 it u000 u ita u 013 $a39800 040 $aSeMil$bita 100 1 $aFornari, Franco.$0(OLS)http://semarc/name/17957 245 10$aNuovi orientamenti nella psicoanalisi /$cFranco Fornari. 260 $aMilano :$bFeltrinelli,$c1966. 300 $a354 p. ;$c23 cm. 490 0 $aBiblioteca di psichiatria e di psicologia clinica ;$v14 650 4$aPsicanalisi.$0(OLS)http://semarc/subject/1341 650 4$aPsicoterapia.$0(OLS)http://semarc/subject/10827 830 0$aBiblioteca di psichiatria e di psicologia clinica ;$v14.$0(OLS)http://semarc/title/2612 850 $aSeMil 852 $aSeMil$W1$xVenegono$y1$m2O III 222$j34781$B34781$CSeMilBibl$Z2$F34784 $81 996 $6245$aNuovi orientamenti nella psicoanalisi$9(OLS)http://semarc/title/109649 996 $6260$aMilano :$bFeltrinelli$9(OLS)http://semarc/publisher/30237